000
00306nam a22001337a 4500
008
170728b xxu||||| |||| 00| 0 eng d
020
_a
9780073368351
041
_a
eng
080
_a
004
100
_a
31
101
_a
SHKI
245
_a
COLLEGE KEYBOARDING & DOCUMENT PROCESSING
_c
OBER
942
_2
udc
_c
BK
999
_c
22138
_d
22138